000 00685nam a2200205Ia 4500
003 GCL
008 140319s9999 xx 000 0 ara d
020 _a3135110977
040 _aGCL /
_cGCL
082 0 4 _a790.1
_bك ت
100 1 _aكمال درويش
245 1 0 _aالترويح واوقات الفراغ :
_bالتاريخ والفلسفة - الاجتماعيات - البرامج والانشطة /
_cكمال درويش
250 _aالثانية
260 _aالقاهرة :
_bدار الفكر العربى ،
_c2001
300 _a408 ص ؛
_c24 سم
650 0 4 _aالترفيه
650 0 4 _aوقت الفراغ
650 0 4 _aالهوايات
942 _2ddc
_cBK
999 _c4843
_d4843